Statystyki dla Największe wyspy w Europie

Kliknij tutaj aby rozwiązać quiz!

Ogólne statystyki

  • Ten quiz został rozwiązany 26 razy
  • Średni wynik to 11 z 50

Statystyki odpowiedzi

PaństwoWyspa% Poprawnych
IslandiaIslandia
88%
WłochySycylia
88%
Wielka BrytaniaWielka Brytania
88%
GrecjaKreta
84%
Irlandia, Wielka BrytaniaIrlandia
80%
FrancjaKorsyka
80%
WłochySardynia
80%
HiszpaniaMajorka
68%
GrecjaRodos
60%
DaniaZelandia
56%
SzwecjaGotlandia
40%
HiszpaniaMinorka
40%
NorwegiaSpitsbergen
28%
DaniaFionia
24%
NiemcyRugia
20%
EstoniaSarema
20%
GrecjaEubea
16%
SzwecjaOlandia
16%
RosjaWyspa Północna
16%
EstoniaHiuma
12%
RosjaWyspa Południowa
12%
RosjaKołgujew
8%
GrecjaLesbos
8%
GrecjaChios
4%
GrecjaKefalinia
4%
DaniaLolland
4%
RosjaWajgacz
4%
NorwegiaWyspa Barentsa
4%
NorwegiaWyspa Biała
4%
NorwegiaWyspa Edge'a
4%
RosjaWyspa Grahama Bella
4%
RosjaWyspa Halla
4%
RosjaZiemia Aleksandry
4%
RosjaZiemia Jerzego
4%
NorwegiaZiemia Północno-Wschodnia
4%
RosjaZiemia Wilczka
4%
Wielka BrytaniaAnglesey
0%
FinlandiaFasta Åland
0%
NorwegiaHinnøya
0%
NorwegiaKvaløya
0%
NorwegiaLangøya
0%
Wielka BrytaniaLewis and Harris
0%
Wielka BrytaniaMainland
0%
Wielka BrytaniaMull
0%
DaniaNørrejyske Ø
0%
NorwegiaRingvassøy
0%
NorwegiaSenja
0%
Wielka BrytaniaSkye
0%
NorwegiaSørøya
0%
RosjaWyspa Salisbury'ego
0%

Rozkład punktacji

Percentyl według liczby udzielonych odpowiedzi

Procent ludzi z każdym wynikiem

Twoja historia wyników

Nie rozwiązałeś tego quizu